000 00782nam a2200217Ia 4500
003 OSt
005 20210114134417.0
008 191128s1997 ck gr 000 0 spa d
040 _aCO-JMCR
_cCO-JMCR
041 0 _aspa
082 0 4 _a344.0327 /
_bI121v
_223
100 1 _aIbañez Najar, Jorge Enrique,
_ecompilador
_98686
245 1 3 _aLa vida de los derechos de la niñez /
_cJorge Enrique Ibañez Najar
260 _aBogotá :
_bMinisterio de Justicia y del Derecho,
_c1997
300 _a2 volúmenes ;
_c24 cm.
505 2 _gv.1
_tNormas
_gv.2
_tSentencias
650 1 4 _aDerechos del niño
_xlegislación
_2
_zColombia
_98687
650 1 4 _aLegislación en trabajo de menores
_zColombia
_98688
650 2 4 _aNiños abandonados
_xlegislación
_zColombia.
_98689
942 _2ddc
_cBK
999 _c5887
_d5887